[Event "19PCR_F"]
[Site "?"]
[Date "2009.??.??"]
[Round "?"]
[White "Valak, Alois"]
[Black "Batka, Josef"]
[Result "1-0"]
[WhiteElo "2326"]
[BlackElo "2246"]
[PlyCount "127"]
[EventDate "2009.??.??"]
[EventType "corr"]
[SourceDate "2004.06.03"]

1. d4 Nf6 2. c4 e6 3. Nc3 d5 4. cxd5 exd5 5. Bg5 c6 6. e3 Be7 7. Bd3 Nbd7 8.
Nf3 O-O 9. Qc2 Re8 10. O-O Nf8 11. h3 Ng6 12. Bxf6 Bxf6 13. b4 Be6 14. Na4 Qd6
15. Rfc1 b6 16. Qxc6 Qxc6 17. Rxc6 Bd7 18. Rxf6 gxf6 19. Nc3 Be6 20. b5 Rac8
21. Ne2 Kf8 22. a4 Rc7 23. a5 Rb8 24. g4 Bd7 25. Kh2 bxa5 26. Rxa5 Rb6 27. Kg3
Ne7 28. Nd2 f5 29. Nb3 fxg4 30. hxg4 f5 31. g5 h6 32. gxh6 Rxh6 33. Nf4 Be8 34.
Nc5 Bf7 35. Na6 Rb7 36. Nb4 Kg7 37. Kf3 Bg8 38. Nc6 Nxc6 39. bxc6 Rxc6 40. Nxd5
Bh7 41. Nf4 Rf7 42. Bb5 Rd6 43. Bc4 Re7 44. Nh5+ Kf8 45. Rc5 Re8 46. Nf4 Re7
47. Bd3 Rf7 48. Nh3 Rfd7 49. Ng5 Bg6 50. Kf4 Rd5 51. Rc8+ Ke7 52. Nf3 Kf6 53.
Rc4 a6 54. Ne5 Rd8 55. f3 R5d6 56. Rc7 Rd5 57. Bc4 R5d6 58. d5 Re8 59. Nd7+ Kg7
60. Nc5+ Bf7 61. Ne6+ Kg6 62. Ke5 Rb6 63. f4 Bxe6 64. dxe6 1-0

[Event "19PCR_F"]
[Site "?"]
[Date "2009.??.??"]
[Round "?"]
[White "Valak, Alois"]
[Black "Cvak, Rudolf"]
[Result "1-0"]
[WhiteElo "2326"]
[BlackElo "2317"]
[PlyCount "67"]
[EventDate "2009.??.??"]
[EventType "corr"]
[SourceDate "2004.06.03"]

1. d4 Nf6 2. c4 g6 3. Nc3 Bg7 4. e4 d6 5. Nf3 O-O 6. Be2 e5 7. Be3 exd4 8. Nxd4
Re8 9. f3 Nc6 10. Qd2 Nh5 11. O-O-O Nf4 12. h4 Nxe2+ 13. Qxe2 f5 14. h5 fxe4
15. hxg6 hxg6 16. g4 exf3 17. Qxf3 Nxd4 18. Rxd4 Re5 19. Rf4 g5 20. Rf7 Be6 21.
Rxg7+ Kxg7 22. Ne4 Qe7 23. Qh3 Rxe4 24. Qh6+ Kf7 25. Qh5+ Kg7 26. Bxg5 Rxc4+
27. Kb1 Bf5+ 28. gxf5 Qe4+ 29. Ka1 Qxf5 30. Rg1 Qf2 31. Qd1 d5 32. Be3+ Qxg1
33. Qxg1+ Kf7 34. Qg5 1-0

[Event "19PCR_F"]
[Site "?"]
[Date "2009.??.??"]
[Round "?"]
[White "Valak, Alois"]
[Black "Glaser, Karel"]
[Result "1/2-1/2"]
[WhiteElo "2326"]
[BlackElo "2202"]
[PlyCount "85"]
[EventDate "2009.??.??"]
[EventType "corr"]
[SourceDate "2004.06.03"]

1. d4 Nf6 2. c4 e6 3. Nc3 d5 4. cxd5 exd5 5. Bg5 c6 6. e3 Nbd7 7. Bd3 Bd6 8.
Nf3 h6 9. Bh4 O-O 10. O-O Re8 11. Re1 Nf8 12. Qb3 Be7 13. Ne5 Ng4 14. Bg3 Nxe5
15. Bxe5 Bd6 16. Bxd6 Qxd6 17. Ne2 Ng6 18. Rac1 Nh4 19. Ng3 Rb8 20. Qd1 Qf6 21.
Qh5 Qg5 22. Qxg5 hxg5 23. b4 a6 24. a4 Ra8 25. f3 g4 26. f4 g6 27. Kf2 Kg7 28.
Be2 Rh8 29. Rc3 Bd7 30. Ra1 Rhe8 31. Rb1 Rac8 32. Rc5 Ra8 33. Rb3 Kf6 34. Rbc3
Ke7 35. Rc1 Nf5 36. Nxf5+ Bxf5 37. R5c3 Bd7 38. Rh1 Kd6 39. Kg3 f5 40. a5 Re7
41. h3 Rh8 42. h4 Reh7 43. Rc5 1/2-1/2

[Event "19PCR_F"]
[Site "?"]
[Date "2009.??.??"]
[Round "?"]
[White "Valak, Alois"]
[Black "Kyhos, Alois"]
[Result "1-0"]
[WhiteElo "2326"]
[BlackElo "2146"]
[PlyCount "73"]
[EventDate "2009.??.??"]
[EventType "corr"]
[SourceDate "2004.06.03"]

1. d4 Nf6 2. c4 e6 3. Nf3 b6 4. g3 Bb7 5. Bg2 Be7 6. Nc3 Ne4 7. Bd2 O-O 8. O-O
f5 9. Ne5 Nxc3 10. Bxc3 Bxg2 11. Kxg2 d6 12. Nd3 Bf6 13. Nf4 Qd7 14. e3 Na6 15.
Qf3 c6 16. Rfd1 d5 17. b3 g5 18. Nh5 Be7 19. h4 g4 20. Qf4 Nc7 21. e4 Rf7 22.
e5 a6 23. a4 Rc8 24. c5 bxc5 25. dxc5 Ne8 26. b4 a5 27. Rdb1 Qa7 28. Bd4 axb4
29. Rxb4 Bxc5 30. Bxc5 Qxc5 31. Rab1 Nc7 32. Nf6+ Kh8 33. Rb7 Qf8 34. R1b6 Na8
35. Rxf7 Qxf7 36. Rb2 Qa7 37. Qh6 1-0

[Event "19PCR_F"]
[Site "?"]
[Date "2009.??.??"]
[Round "?"]
[White "Valak, Alois"]
[Black "Portych, Vaclav"]
[Result "1/2-1/2"]
[WhiteElo "2326"]
[BlackElo "2219"]
[PlyCount "62"]
[EventDate "2009.??.??"]
[EventType "corr"]
[SourceDate "2004.06.03"]

1. d4 Nf6 2. c4 e6 3. Nc3 Bb4 4. Nf3 b6 5. Bf4 Bb7 6. e3 Ne4 7. Rc1 g5 8. Bg3
h5 9. d5 Nxc3 10. bxc3 Ba3 11. dxe6 fxe6 12. Qd3 Rh6 13. Rd1 h4 14. Be5 Na6 15.
Bg7 Nc5 16. Qc2 Be4 17. Qd2 Rg6 18. Bd4 Bxf3 19. gxf3 Qe7 20. Qc2 Qf7 21. Rg1
O-O-O 22. Rg4 Qxf3 23. Qxg6 Qxg4 24. Bf6 Rf8 25. Qg7 Kb7 26. Qxg5 Qxg5 27. Bxg5
Bb2 28. Bxh4 Bxc3+ 29. Ke2 Rh8 30. Bg2+ Kc8 31. Bg3 Na4 1/2-1/2

[Event "19PCR_F"]
[Site "?"]
[Date "2009.??.??"]
[Round "?"]
[White "Valak, Alois"]
[Black "Trs, Jan"]
[Result "1-0"]
[WhiteElo "2326"]
[BlackElo "2128"]
[PlyCount "99"]
[EventDate "2009.??.??"]
[EventType "corr"]
[SourceDate "2004.06.03"]

1. d4 Nf6 2. c4 g6 3. Nf3 Bg7 4. Nc3 O-O 5. e4 d6 6. Be2 e5 7. dxe5 dxe5 8. O-O
Nbd7 9. Qc2 c6 10. Be3 Qc7 11. Rfd1 Ng4 12. Bg5 Nc5 13. h3 Nf6 14. Be3 b6 15.
Bxc5 bxc5 16. Nd2 Be6 17. Nb3 Qe7 18. Na4 Nd7 19. Rd3 Nb6 20. Naxc5 Bxc4 21.
Rc3 Bxe2 22. Qxe2 Rfd8 23. Na5 Rac8 24. b4 Rd4 25. a3 Bf8 26. Nab3 Rd6 27. Rd1
Rcd8 28. Rxd6 Qxd6 29. Na5 Qd1+ 30. Qxd1 Rxd1+ 31. Kh2 Rd6 32. Kg3 f5 33. Kf3
h5 34. Ke2 Bh6 35. Rd3 Rf6 36. Rd8+ Kg7 37. a4 Bc1 38. Nab7 fxe4 39. Nd6 Kh6
40. h4 Nd5 41. Ndxe4 Rf7 42. b5 Nf4+ 43. Kd1 cxb5 44. Kxc1 bxa4 45. Ng5 Re7 46.
g3 Ne2+ 47. Kb1 Nd4 48. Rg8 e4 49. Nd7 Rxd7 50. Rh8+ 1-0